书目信息 |
| 题名: |
基于Excel的地理数据分析
|
|
| 作者: | 陈彦光 编著 | |
| 分册: | ||
| 出版信息: | 北京 科学出版社 2010 |
|
| 页数: | 276页 | |
| 开本: | 26cm | |
| 丛书名: | 国家科技部科技基础工作专项重点资助项目 地理学方法研究(2007FY140800)资助出版 | |
| 单 册: | ||
| 中图分类: | P208-39 | |
| 科图分类: | ||
| 主题词: | 数据处理 , 表处理软件--应用--地理信息系统--数据处理 , 数学方法 , 地理信息系统 , 表处理软件 , 数据处理 | |
| 电子资源: | ||
| ISBN: | 978-7-03-027182-2 | |
| 000 | 01368nam0 2200361 450 | |
| 001 | 004747772 | |
| 005 | 20100903153647.0 | |
| 010 | @a978-7-03-027182-2@dCNY99.00 | |
| 100 | @a20100806d2010 em y0chiy0120 ea | |
| 101 | 0 | @achi |
| 102 | @aCN@b110000 | |
| 105 | @ay z 000yy | |
| 106 | @ar | |
| 200 | 1 | @a基于Excel的地理数据分析@9ji yu Excel de di li shu ju fen xi@f陈彦光编著 |
| 210 | @a北京@c科学出版社@d2010 | |
| 215 | @a276页@d26cm@e1光盘 | |
| 225 | @a国家科技部科技基础工作专项重点资助项目 地理学方法研究(2007FY140800)资助出版 | |
| 300 | @a国家科技部科技基础工作专项重点资助项目 地理学方法研究(2007FY140800)资助出版 | |
| 307 | @a附光盘:ISBN 978-7-89445-036-4 | |
| 312 | @a封面英文题名:Mathematical methods for geography | |
| 330 | @a本书面向地理问题,基于Excel软件,叙述大量数学方法的应用思路和过程。内容涉及回归分析、主成分分析、聚类分析、判别分析、时(空)间序列分析、Markov链、R/S分析、线性规划、层次分析、灰色系统GM(1,N)建模和预测方法等。 | |
| 510 | 1 | @aMathematical methods for geography@zeng |
| 586 | @a | |
| 606 | 0 | @a数据处理 |
| 606 | 0 | @a表处理软件@x应用@x地理信息系统@x数据处理 |
| 606 | 0 | @a数学方法 |
| 606 | 0 | @a地理信息系统 |
| 606 | 0 | @a表处理软件 |
| 606 | 0 | @a数据处理 |
| 690 | @aP208-39@v4 | |
| 701 | 0 | @a陈彦光@9chen yan guang@f(1965~)@4编著 |
| 801 | 0 | @aCN@c20130904 |
| 905 | @dP208@eC611@f1@sP208/C611@S@Z | |
| 基于Excel的地理数据分析/陈彦光编著.-北京:科学出版社,2010 |
| 276页;26cm+1光盘.-(国家科技部科技基础工作专项重点资助项目 地理学方法研究(2007FY140800)资助出版) |
| 国家科技部科技基础工作专项重点资助项目 地理学方法研究(2007FY140800)资助出版 |
| ISBN 978-7-03-027182-2:CNY99.00 |
| 本书面向地理问题,基于Excel软件,叙述大量数学方法的应用思路和过程。内容涉及回归分析、主成分分析、聚类分析、判别分析、时(空)间序列分析、Markov链、R/S分析、线性规划、层次分析、灰色系统GM(1,N)建模和预测方法等。 |
| ● |
| 相关链接 |
|
|
|
正题名:基于Excel的地理数据分析
索取号:P208/C611
 
预约/预借
| 序号 | 登录号 | 条形码 | 馆藏地/架位号 | 状态 | 备注 |
| 1 | 21619401 | 216194017 | 自科库401/401自科库 114排2列5层/ [索取号:P208/C611] | 在馆 |